Karnatakada sankshiptha itihasa ಕರ್ನಾಟಕದ ಸಂಕ್ಷಿಪ್ತ ಇತಿಹಾಸ (Record no. 81927)
[ view plain ]
| 000 -LEADER | |
|---|---|
| fixed length control field | 00592nam a2200193Ia 4500 |
| 003 - CONTROL NUMBER IDENTIFIER | |
| control field | OSt |
| 005 - DATE AND TIME OF LATEST TRANSACTION | |
| control field | 20250506151626.0 |
| 008 - FIXED-LENGTH DATA ELEMENTS--GENERAL INFORMATION | |
| fixed length control field | 210210b1973 xxu||||| |||| 00| 0 eng d |
| 040 ## - CATALOGING SOURCE | |
| Transcribing agency | AL |
| 041 ## - LANGUAGE CODE | |
| Language code of text/sound track or separate title | Kannada |
| 082 ## - DEWEY DECIMAL CLASSIFICATION NUMBER | |
| Classification number | 954.87K SURK |
| 100 ## - MAIN ENTRY--PERSONAL NAME | |
| Personal name | SURYANATHA KAMATH. |
| 9 (RLIN) | 70989 |
| Dates associated with a name | ಸೂರ್ಯನಾಥ ಕಾಮತ್ |
| 245 ## - TITLE STATEMENT | |
| Title | Karnatakada sankshiptha itihasa ಕರ್ನಾಟಕದ ಸಂಕ್ಷಿಪ್ತ ಇತಿಹಾಸ |
| 260 ## - PUBLICATION, DISTRIBUTION, ETC. | |
| Place of publication, distribution, etc. | Bengaluru. |
| Name of publisher, distributor, etc. | IBH Prakashana., |
| Date of publication, distribution, etc. | 1973 |
| 300 ## - PHYSICAL DESCRIPTION | |
| Extent | vi,224 |
| 690 ## - LOCAL SUBJECT ADDED ENTRY--TOPICAL TERM (OCLC, RLIN) | |
| Topical term or geographic name as entry element | Karnataka History |
| 9 (RLIN) | 70990 |
| 906 ## - LOCAL DATA ELEMENT F, LDF (RLIN) | |
| a | 030857 |
| 942 ## - ADDED ENTRY ELEMENTS (KOHA) | |
| Source of classification or shelving scheme | Dewey Decimal Classification |
| Koha item type | Donated Books |
| Withdrawn status | Lost status | Source of classification or shelving scheme | Damaged status | Not for loan | Collection code | Home library | Current library | Shelving location | Date acquired | Cost, normal purchase price | Total Checkouts | Full call number | Barcode | Date last seen | Price effective from | Koha item type |
|---|---|---|---|---|---|---|---|---|---|---|---|---|---|---|---|---|
| Dewey Decimal Classification | History | St Aloysius Library | St Aloysius Library | 02/17/2021 | 12.00 | 954.87K SURK | 030857 | 02/17/2021 | 02/17/2021 | Book | ||||||
| Dewey Decimal Classification | History | St Aloysius Library | St Aloysius Library | 11/13/2013 | 954.87K SURK | D05172 | 02/07/2023 | 02/07/2023 | Donated Books |